Equipe FIFA FIFPro (depuis 2015) - Statistiques

Statistiques générales
  • Ce quiz a été pris 296 fois
  • Le résultat moyen est 74 sur 88
Statistiques - réponses
Année Nationalité Position Joueur % Correct
2015 Argentine Attaquant Lionel Messi
98%
2016 Argentine Attaquant Lionel Messi
98%
2017 Argentine Attaquant Lionel Messi
98%
2018 Argentine Attaquant Lionel Messi
98%
2019 Argentine Attaquant Lionel Messi
98%
2020 Argentine Attaquant Lionel Messi
98%
2021 Argentine Attaquant Lionel Messi
98%
2022 Argentine Attaquant Lionel Messi
98%
2015 Allemagne Gardien Manuel Neuer
98%
2016 Allemagne Gardien Manuel Neuer
98%
2015 Portugal Attaquant Cristiano Ronaldo
97%
2016 Portugal Attaquant Cristiano Ronaldo
97%
2017 Portugal Attaquant Cristiano Ronaldo
97%
2018 Portugal Attaquant Cristiano Ronaldo
97%
2019 Portugal Attaquant Cristiano Ronaldo
97%
2020 Portugal Attaquant Cristiano Ronaldo
97%
2021 Portugal Attaquant Cristiano Ronaldo
97%
2015 Croatie Milieu Luka Modrić
97%
2016 Croatie Milieu Luka Modrić
97%
2017 Croatie Milieu Luka Modrić
97%
2018 Croatie Milieu Luka Modrić
97%
2019 Croatie Milieu Luka Modrić
97%
2022 Croatie Milieu Luka Modrić
97%
2015 Brésil Attaquant Neymar
97%
2017 Brésil Attaquant Neymar
97%
2020 Belgique Milieu Kevin De Bruyne
94%
2018 France Attaquant Kylian Mbappé
94%
2019 France Attaquant Kylian Mbappé
94%
2022 France Attaquant Kylian Mbappé
94%
2016 Uruguay Attaquant Luis Suarez
94%
2015 Espagne Milieu Andrés Iniesta
93%
2016 Espagne Milieu Andrés Iniesta
93%
2017 Espagne Milieu Andrés Iniesta
93%
2015 Espagne Défenseur Sergio Ramos
93%
2016 Espagne Défenseur Sergio Ramos
93%
2017 Espagne Défenseur Sergio Ramos
93%
2018 Espagne Défenseur Sergio Ramos
93%
2019 Espagne Défenseur Sergio Ramos
93%
2020 Espagne Défenseur Sergio Ramos
93%
2019 Pays-Bas Défenseur Virgil van Dijk
93%
2020 Pays-Bas Défenseur Virgil van Dijk
93%
2022 Pays-Bas Défenseur Virgil van Dijk
93%
2017 Italie Gardien Gianluigi Buffon
92%
2015 France Milieu Paul Pogba
92%
2015 Brésil Défenseur Thiago Silva
92%
2016 Brésil Défenseur Thiago SIlva
92%
2015 Brésil Défenseur Marcelo
90%
2016 Brésil Défenseur Marcelo
90%
2017 Brésil Défenseur Marcelo
90%
2018 Brésil Défenseur Marcelo
90%
2019 Brésil Défenseur Marcelo
90%
2018 France Milieu N'Golo Kanté
90%
2021 France Milieu N'Golo Kanté
90%
2020 Pologne Attaquant Robert Lewandowski
89%
2019 Brésil Gardien Alisson
87%
2020 Brésil Gardien Alisson
87%
2020 Canada Défenseur Alphonso Davies
87%
2015 Brésil Défenseur Dani Alves
87%
2017 Brésil Défenseur Dani Alves
87%
2018 France Défenseur Raphaël Varane
86%
2016 Allemagne Milieu Toni Kroos
85%
2017 Allemagne Milieu Toni Kroos
85%
2018 Espagne Gardien David De Gea
81%
2018 Belgique Milieu Eden Hazard
79%
2019 Belgique Milieu Eden Hazard
79%
2019 Pays-Bas Milieu Frenkie de Jong
78%
2020 Allemagne Milieu Joshua Kimmich
76%
2017 Italie Défenseur Leonardo Bonucci
76%
2019 Pays-Bas Défenseur Matthijs de Ligt
73%
2022 France Attaquant Karim Benzema
72%
2016 Brésil Défenseur Daniel Alves
71%
2018 Brésil Défenseur Daniel Alves
71%
2021 Norvège Attaquant Erling Haaland
65%
2022 Norvège Attaquant Erling Haaland
65%
2021 Portugal Défenseur Rúben Dias
61%
2021 Autriche Défenseur David Alaba
58%
2021 Belgique Milieu Kevin De Bruyne
57%
2022 Belgique Milieu Kevin De Bruyne
57%
2021 Pologne Attaquant Robert Lewandowski
57%
2020 Angleterre Défenseur Trent Alexander-Arnold
57%
2022 Brésil Milieu Casemiro
56%
2022 Maroc Défenseur Achraf Hakimi
54%
2021 Italie Gardien Gianluigi Donnarumma
54%
2021 Italie Milieu Jorginho
54%
2022 Belgique Gardien Thibaut Courtois
54%
2022 Portugal Défenseur João Cancelo
40%
2020 Espagne Milieu Thiago Alcântara
36%
2021 Italie Défenseur Leonardo Bonucci
29%
Aucun quiz correspondant
Distribution des résultats
% des personnes avec chaque résultat
Percentile par nombre de réponses
Votre historique - résultats
Vous n’avez pas pris ce quiz